[Event "Mecklenburg VP Landesliga Ost 1920"]
[Site "Mecklenburg VP"]
[Date "2020.02.02"]
[Round "6.4"]
[White "Oergel, Ullrich"]
[Black "Klotzsche, Stefan"]
[Result "1-0"]
[WhiteElo "1954"]
[BlackElo "1624"]
[PlyCount "155"]
[EventDate "2019.09.29"]
[EventType "team-tourn"]
[EventRounds "9"]
[EventCountry "GER"]
[SourceTitle "EXT 2023"]
[Source "ChessBase"]
[SourceDate "2022.10.05"]
[SourceVersion "1"]
[SourceVersionDate "2022.10.05"]
[SourceQuality "1"]
[WhiteTeam "Ruegen Binz Therme"]
[BlackTeam "Wolgast Motor"]
[WhiteTeamCountry "GER"]
[BlackTeamCountry "GER"]

1. c4 Nf6 2. Nc3 g6 3. g3 Bg7 4. Bg2 d6 5. d4 0-0 6. e4 e5 7. dxe5 dxe5 8. Qxd8 Rxd8 9. Bg5 c6 10. Nf3 Re8 11. 0-0 Bg4 12. h3 Bxf3 13. Bxf3 Na6 14. b3 h6 15. Be3 g5 16. Rad1 b6 17. a3 Rad8 18. b4 Nc7 19. Rxd8 Rxd8 20. Rd1 Rxd1+ 21. Bxd1 Kf8 22. Ba4 Ne6 23. Bxc6 Nd4 24. Bxd4 exd4 25. Nb5 a6 26. Nxd4 Nxe4 27. Nf5 Nd2 28. Nxg7 Nxc4 29. Nf5 Nxa3 30. Bb7 a5 31. bxa5 bxa5 32. Nxh6 Nc2 33. Bc6 Nd4 34. Ba4 f5 35. g4 Ne2+ 36. Kh2 f4 37. Nf5 Nc3 38. Bb3 a4 39. Bxa4 Nxa4 40. Nd4 Kg7 41. h4 Kf6 42. h5 Nc5 43. Kg2 Nd3 44. f3 Ne5 45. Kf2 Kg7 46. Nf5+ Kh7 47. Ke2 Kh8 48. Nd4 Kh7 49. Kd2 Kh6 50. Kc3 Kh7 51. Kb4 Nd3+ 52. Kc4 Ne1 53. Kd5 Ng2 54. Ke5 Ne1 55. Kf6 Kh6 56. Nf5+ Kh7 57. Kxg5 Nxf3+ 58. Kxf4 Ng1 59. Kg3 Ne2+ 60. Kf3 Ng1+ 61. Kf4 Nh3+ 62. Ke5 Ng5 63. Kf6 Ne4+ 64. Kf7 Ng5+ 65. Ke7 Ne4 66. Ke6 Ng5+ 67. Ke5 Nf3+ 68. Kf6 Nh2 69. g5 Ng4+ 70. Ke6 Kh8 71. g6 Kg8 72. h6 Nxh6 73. Nxh6+ Kg7 74. Kf5 Kh8 75. Ng4 Kg7 76. Kg5 Kg8 77. Kh6 Kh8 78. g7+ 1-0

[Event "Mecklenburg VP Landesliga Ost 1920"]
[Site "Mecklenburg VP"]
[Date "2020.01.19"]
[Round "5.4"]
[White "Kallweit, Paul"]
[Black "Oergel, Ullrich"]
[Result "1-0"]
[WhiteElo "1832"]
[BlackElo "1954"]
[PlyCount "71"]
[EventDate "2019.09.29"]
[EventType "team-tourn"]
[EventRounds "9"]
[EventCountry "GER"]
[SourceTitle "EXT 2023"]
[Source "ChessBase"]
[SourceDate "2022.10.05"]
[SourceVersion "1"]
[SourceVersionDate "2022.10.05"]
[SourceQuality "1"]
[WhiteTeam "Rostock SSC 07"]
[BlackTeam "Ruegen Binz Therme"]
[WhiteTeamCountry "GER"]
[BlackTeamCountry "GER"]

1. d4 d5 2. c4 e6 3. Nc3 Nf6 4. Nf3 c6 5. Bg5 Be7 6. e3 h6 7. Bh4 dxc4 8. Bxc4 Nd5 9. Bxe7 Qxe7 10. 0-0 0-0 11. Qb3 Nd7 12. Rfd1 N7f6 13. Rac1 Nxc3 14. Qxc3 Ne4 15. Qc2 Nd6 16. Bd3 Rd8 17. Ne5 f5 18. Qb3 Qf6 19. f4 Nf7 20. Bc4 Nd6 21. Bd3 Nf7 22. Be2 Nd6 23. Qb4 Ne4 24. Bf3 g5 25. Bxe4 fxe4 26. Rf1 Qg7 27. fxg5 a5 28. Qa3 Rf8 29. g6 Rf5 30. g4 Rf6 31. Rxf6 Qxf6 32. Rf1 Qd8 33. Rf7 b5 34. Qc5 Ba6 35. g7 Qg5 36. Qf8+ 1-0

[Event "Mecklenburg VP LL2 Ost 1819"]
[Site "Mecklenburg VP"]
[Date "2018.11.25"]
[Round "3.5"]
[White "Oergel, Ullrich"]
[Black "Jabbusch, Burkhard"]
[Result "1-0"]
[WhiteElo "1738"]
[BlackElo "1631"]
[PlyCount "87"]
[EventDate "2018.10.21"]
[EventType "team-tourn"]
[EventRounds "9"]
[EventCountry "GER"]
[SourceTitle "EXT 2022"]
[Source "ChessBase"]
[SourceDate "2021.10.06"]
[SourceVersion "1"]
[SourceVersionDate "2021.10.06"]
[SourceQuality "1"]
[WhiteTeam "Binz Therme Ruegen"]
[BlackTeam "Stralsund FHSG II"]
[WhiteTeamCountry "GER"]
[BlackTeamCountry "GER"]

1. c4 Nf6 2. Nc3 e5 3. g3 d6 4. Bg2 Be7 5. Nf3 0-0 6. 0-0 Nc6 7. e3 Bg4 8. d3 Qd7 9. a3 Bh3 10. e4 Bg4 11. Be3 Nd4 12. Bxd4 exd4 13. Nd5 Nxd5 14. cxd5 f5 15. Qb3 Bxf3 16. Bxf3 fxe4 17. Bxe4 g5 18. Qd1 Rf7 19. Bf3 Kh8 20. Bg4 Qb5 21. Be6 Rg7 22. Qc2 c6 23. a4 Qb6 24. dxc6 bxc6 25. b3 Rf8 26. Rac1 c5 27. Rce1 Bf6 28. Qc4 Be5 29. Kg2 h5 30. f3 a5 31. Bd5 Qd8 32. Qc2 Qd7 33. Qd2 Qd8 34. Re2 h4 35. Re4 Rg6 36. Qe2 Kg7 37. Rg4 Rh8 38. f4 hxg3 39. hxg3 Bf6 40. fxg5 Rxg5 41. Rxg5+ Bxg5 42. Rf7+ Kg6 43. Qe4+ Kh6 44. Qe6+ 1-0

[Event "MVP-ch Seniors op 15th"]
[Site "Binz"]
[Date "2015.11.25"]
[Round "2.26"]
[White "Kracht, Helmut"]
[Black "Oergel, Ullrich"]
[Result "1-0"]
[WhiteElo "1937"]
[BlackElo "1770"]
[PlyCount "95"]
[EventDate "2015.11.24"]
[EventType "swiss"]
[EventRounds "9"]
[EventCountry "GER"]
[SourceTitle "EXT 2017"]
[Source "ChessBase"]
[SourceDate "2016.10.25"]
[SourceVersion "1"]
[SourceVersionDate "2016.10.25"]
[SourceQuality "1"]

1. d4 d5 2. c4 e6 3. Nf3 Nf6 4. g3 Be7 5. Nc3 c6 6. c5 0-0 7. Bg2 Nbd7 8. b4 Re8 9. 0-0 Bf8 10. Bb2 g6 11. a4 Bg7 12. e3 Qc7 13. Qd2 b6 14. cxb6 Nxb6 15. Ne5 Nfd7 16. a5 Nxe5 17. axb6 Nc4 18. Qe1 Qxb6 19. Na4 Qb8 20. Bc3 Ba6 21. Nc5 Bb5 22. f4 Qc7 23. Qf2 Nd6 24. Rfc1 Bc4 25. Ra5 Bf8 26. Rca1 Nb5 27. Bd2 Nd6 28. Bc3 Bb5 29. Bf1 Bxf1 30. Kxf1 Nc4 31. Ra6 Bd6 32. Qe2 f6 33. Kf2 Bf8 34. Qa2 Re7 35. Qa4 Nb6 36. Qa5 Kf7 37. Nb3 Qb7 38. Rxb6 Qc8 39. Ra6 e5 40. dxe5 fxe5 41. Bxe5 Rb7 42. Nc5 Re7 43. Qa4 Rxe5 44. fxe5 Qf5+ 45. Kg1 Qxe5 46. Rxa7+ Rxa7 47. Qxa7+ Kg8 48. Nd7 1-0

[Event "MVP-ch Seniors op 14th"]
[Site "Binz"]
[Date "2014.12.03"]
[Round "9"]
[White "Opitz, Christian"]
[Black "Oergel, Ullrich"]
[Result "1-0"]
[WhiteElo "1865"]
[BlackElo "1732"]
[PlyCount "114"]
[EventDate "2014.11.25"]
[EventType "swiss"]
[EventRounds "9"]
[EventCountry "GER"]
[SourceTitle "EXT 2016"]
[Source "ChessBase"]
[SourceDate "2015.10.08"]
[SourceVersion "1"]
[SourceVersionDate "2015.10.08"]
[SourceQuality "1"]

1. e4 c5 2. Nf3 e6 3. d4 cxd4 4. Nxd4 Nf6 5. Bd3 Nc6 6. Be3 Be7 7. 0-0 0-0 8. c4 Ne5 9. Nc3 a6 10. Be2 Qc7 11. Rc1 Nc6 12. f3 Bc5 13. Qd2 h6 14. Rfd1 Ba7 15. Nxc6 bxc6 16. Bxa7 Qxa7+ 17. Qd4 Qb7 18. e5 Nh7 19. Ne4 Qc7 20. Nd6 Ra7 21. Bd3 f5 22. g4 Ng5 23. Rf1 c5 24. Qe3 f4 25. Qe2 Bb7 26. Bg6 Qc6 27. Rc3 Ba8 28. h4 Nf7 29. Bxf7+ Rxf7 30. Nxf7 Kxf7 31. Rd3 Qb6 32. Qd2 Bc6 33. Qxf4+ Kg8 34. Rb3 Qd8 35. g5 hxg5 36. hxg5 d5 37. exd6 Rf7 38. Qe5 Bd7 39. f4 Rf5 40. Qe4 Qf8 41. Rb6 Qf7 42. Qh1 e5 43. Rb8+ Be8 44. Qa8 Qxc4 45. Rxe8+ Kh7 46. Rh8+ Kg6 47. Qe8+ Rf7 48. Qxe5 Rf5 49. Qe3 Qd5 50. d7 Qxd7 51. Qe8+ Rf7 52. Qxd7 Rxd7 53. Rc8 Rd5 54. Rc6+ Kf5 55. Rxa6 Rd2 56. Rf2 Rd1+ 57. Kg2 Rb1 1-0

[Event "MVP-ch Seniors op 14th"]
[Site "Binz"]
[Date "2014.11.26"]
[Round "2"]
[White "Oergel, Ullrich"]
[Black "Thiele, Guenter"]
[Result "0-1"]
[WhiteElo "1732"]
[BlackElo "1878"]
[PlyCount "97"]
[EventDate "2014.11.25"]
[EventType "swiss"]
[EventRounds "9"]
[EventCountry "GER"]
[SourceTitle "EXT 2016"]
[Source "ChessBase"]
[SourceDate "2015.10.08"]
[SourceVersion "1"]
[SourceVersionDate "2015.10.08"]
[SourceQuality "1"]

1. c4 Nf6 2. Nc3 e6 3. g3 d5 4. cxd5 exd5 5. d4 c6 6. Bg2 Bd6 7. Nf3 0-0 8. 0-0 Re8 9. Nd2 Bf5 10. Re1 Nbd7 11. e3 Nb6 12. Qb3 Qc7 13. a4 a5 14. Qd1 Nbd7 15. Nb3 Nb8 16. Bd2 Na6 17. Na2 b6 18. Rc1 Qd7 19. Na1 c5 20. Nc3 Nb4 21. Bf1 c4 22. Nb5 Na2 23. Bg2 Nxc1 24. Qxc1 Be4 25. f3 Bd3 26. Nxd6 Qxd6 27. Qc3 Qc6 28. b3 Rec8 29. bxc4 Qxc4 30. Qa3 Qa6 31. e4 Qc4 32. Nb3 Bc2 33. Re3 Bxb3 34. Qxb3 Qxd4 35. Qd3 Qxd3 36. Rxd3 dxe4 37. fxe4 Rd8 38. Rxd8+ Rxd8 39. Be3 Rd1+ 40. Kf2 Ng4+ 41. Ke2 Nxe3 42. Kxe3 Ra1 43. e5 Rxa4 44. Bd5 Rb4 45. h4 Rb5 46. Kd4 Rxd5+ 47. Kxd5 a4 48. Kc4 b5+ 49. Kb4 0-1

[Event "MVP-ch Seniors op 14th"]
[Site "Binz"]
[Date "2014.11.25"]
[Round "1"]
[White "Geibel, Henning"]
[Black "Oergel, Ullrich"]
[Result "0-1"]
[WhiteElo "1110"]
[BlackElo "1732"]
[PlyCount "98"]
[EventDate "2014.11.25"]
[EventType "swiss"]
[EventRounds "9"]
[EventCountry "GER"]
[SourceTitle "EXT 2016"]
[Source "ChessBase"]
[SourceDate "2015.10.08"]
[SourceVersion "1"]
[SourceVersionDate "2015.10.08"]
[SourceQuality "1"]

1. e4 e5 2. Nf3 Nf6 3. d3 Nc6 4. Be2 Be7 5. 0-0 0-0 6. Nc3 d6 7. h3 a6 8. d4 exd4 9. Nxd4 Nxd4 10. Qxd4 Nd7 11. Qd3 Ne5 12. Qg3 Be6 13. Bf4 Ng6 14. b3 Nxf4 15. Qxf4 f5 16. Bc4 Bxc4 17. bxc4 Bf6 18. Qe3 fxe4 19. Rab1 Bxc3 20. Qxc3 b6 21. Rbd1 Qe7 22. Rde1 Rae8 23. Re3 c6 24. Rfe1 d5 25. Qd4 Qc5 26. Qxc5 bxc5 27. cxd5 cxd5 28. f3 Re6 29. fxe4 d4 30. Rd3 Rfe8 31. c3 Rxe4 32. Red1 Rd8 33. Rb1 c4 34. Rxd4 Rexd4 35. cxd4 Rxd4 36. Rb8+ Kf7 37. Rb7+ Ke6 38. Rxg7 c3 39. Rc7 Rd1+ 40. Kf2 Rd2+ 41. Ke3 Rxg2 42. Rxc3 Rxa2 43. Rc6+ Kf7 44. Rc7+ Kg6 45. Rc6+ Kh5 46. Rc5+ Kh4 47. Rc7 h5 48. Rc5 a5 49. Rc4+ Kxh3 0-1

[Event "MVP-ch Seniors op 13th"]
[Site "Binz"]
[Date "2013.12.04"]
[Round "8"]
[White "Kurbangulov, Viktor"]
[Black "Oergel, Ullrich"]
[Result "1/2-1/2"]
[WhiteElo "1841"]
[BlackElo "1740"]
[PlyCount "24"]
[EventDate "2013.11.27"]
[EventType "swiss"]
[EventRounds "9"]
[EventCountry "GER"]
[SourceTitle "EXT 2015"]
[Source "ChessBase"]
[SourceDate "2014.11.20"]
[SourceVersion "1"]
[SourceVersionDate "2014.11.20"]
[SourceQuality "1"]

1. d4 d5 2. Nf3 Nf6 3. Bf4 e6 4. e3 Be7 5. Nbd2 Nbd7 6. c3 0-0 7. Bd3 c5 8. Rc1 c4 9. Bb1 g6 10. h3 Nh5 11. Bh2 Ng7 12. 0-0 f5 1/2-1/2

[Event "MVP-ch Seniors op 12th"]
[Site "Binz"]
[Date "2012.11.29"]
[Round "2"]
[White "Oergel, Ullrich"]
[Black "Schreiber, Kurt"]
[Result "1/2-1/2"]
[WhiteElo "1796"]
[BlackElo "2038"]
[PlyCount "101"]
[EventDate "2012.11.28"]
[EventType "swiss"]
[EventRounds "9"]
[EventCountry "GER"]
[SourceTitle "EXT 2014"]
[Source "ChessBase"]
[SourceDate "2013.11.20"]
[SourceVersion "1"]
[SourceVersionDate "2013.11.20"]
[SourceQuality "1"]

1. c4 g6 2. Nc3 Bg7 3. d4 Nf6 4. e4 d6 5. Nf3 0-0 6. Be2 Nbd7 7. 0-0 e5 8. dxe5 dxe5 9. Qc2 c6 10. Bg5 h6 11. Be3 Qe7 12. Rad1 Re8 13. a3 a5 14. Na4 Kh7 15. c5 Bf8 16. Nd2 Rd8 17. Nc4 Ne8 18. Ncb6 Nxb6 19. Nxb6 Rb8 20. Qc3 Rxd1 21. Rxd1 Nf6 22. f3 Nd7 23. Nxd7 Bxd7 24. Qxa5 Be6 25. Qc3 Bg7 26. b4 f5 27. Bc4 fxe4 28. fxe4 Rf8 29. Rf1 Rd8 30. Be2 Qh4 31. Qc2 Rd7 32. g3 Qe7 33. a4 Bf6 34. Rd1 Bg5 35. Bxg5 Qxg5 36. Rxd7+ Bxd7 37. Qd3 Bh3 38. Kf2 Qc1 39. Qd6 Qb2 40. b5 h5 41. bxc6 bxc6 42. a5 Bg4 43. Qd3 Bxe2 44. Qxe2 Qb4 45. a6 Qxc5+ 46. Kg2 Qa5 47. h4 Qa4 48. Qd3 c5 49. Kf3 c4 50. Qd6 Qb3+ 51. Kf2 1/2-1/2

[Event "MVP-ch Seniors op 12th"]
[Site "Binz"]
[Date "2012.11.28"]
[Round "1"]
[White "Gottschalk, Juergen"]
[Black "Oergel, Ullrich"]
[Result "0-1"]
[WhiteElo "1371"]
[BlackElo "1796"]
[PlyCount "136"]
[EventDate "2012.11.28"]
[EventType "swiss"]
[EventRounds "9"]
[EventCountry "GER"]
[SourceTitle "EXT 2014"]
[Source "ChessBase"]
[SourceDate "2013.11.20"]
[SourceVersion "1"]
[SourceVersionDate "2013.11.20"]
[SourceQuality "1"]

1. e4 e5 2. Nf3 Nf6 3. Nc3 d6 4. Bc4 Be7 5. h3 0-0 6. d4 exd4 7. Nxd4 c6 8. 0-0 b5 9. Bd3 Nfd7 10. Nf5 Nc5 11. Be3 Nxd3 12. Nxe7+ Qxe7 13. cxd3 f5 14. f3 f4 15. Bf2 Qg5 16. Kh2 Nd7 17. Qb3+ Kh8 18. Qe6 Rf6 19. Qg4 Qh6 20. Qh4 Qg6 21. Ne2 Qf7 22. Bd4 Ne5 23. Bxe5 dxe5 24. b3 Bd7 25. Rac1 Rh6 26. Qf2 Qh5 27. Ng1 a5 28. Rc5 Re8 29. Rd1 Qg6 30. d4 Qd6 31. Rd2 Qc7 32. dxe5 Bc8 33. Qd4 Rhe6 34. Ne2 g5 35. Nc3 Qb8 36. a3 h5 37. Nd1 Kh7 38. Nf2 Qb7 39. Qc3 Qb6 40. Rd6 Bb7 41. Nd3 Qa7 42. Qd4 Bc8 43. b4 a4 44. Qc3 Bd7 45. Nc1 R8e7 46. Ne2 Qb7 47. Rxe6 Rxe6 48. Nd4 Rg6 49. e6 Bxe6 50. Rxc6 Bc4 51. Rc5 Qb8 52. Qd2 Qd8 53. Qc3 Qb8 54. Nf5 g4 55. hxg4 hxg4 56. Kg1 Qd8 57. Qe1 g3 58. Qa1 Qd7 59. Qd4 Qxd4+ 60. Nxd4 Rd6 61. Rc7+ Kg8 62. Rc8+ Kf7 63. Rc7+ Ke8 64. Re7+ Kxe7 65. Nf5+ Ke6 66. Nxd6 Kxd6 67. Kh1 Ke5 68. Kg1 Kd4 0-1

[Event "MVP-ch Seniors op 11th"]
[Site "Binz"]
[Date "2011.12.08"]
[Round "9.16"]
[White "Gierse, Heinz Dieter"]
[Black "Oergel, Ullrich"]
[Result "1-0"]
[WhiteElo "1974"]
[BlackElo "1794"]
[PlyCount "89"]
[EventDate "2011.11.30"]
[EventType "swiss"]
[EventRounds "9"]
[EventCountry "GER"]
[SourceTitle "EXT 2013"]
[Source "ChessBase"]
[SourceDate "2012.11.22"]
[SourceVersion "1"]
[SourceVersionDate "2012.11.22"]
[SourceQuality "1"]

1. Nf3 d5 2. g3 g6 3. Bg2 Bg7 4. d3 Nf6 5. 0-0 0-0 6. Nbd2 Nbd7 7. e4 dxe4 8. dxe4 Nc5 9. Qe2 c6 10. Rb1 Be6 11. b3 Qc7 12. Bb2 Bg4 13. h3 Bc8 14. Be5 Qd8 15. Rbd1 Ncd7 16. Nc4 b5 17. Bxf6 Bxf6 18. e5 bxc4 19. exf6 e6 20. Ne5 Qc7 21. Nxc6 Nxf6 22. Ne7+ Qxe7 23. Bxa8 cxb3 24. cxb3 Qa3 25. Qf3 Ba6 26. Rfe1 Nh5 27. Rd2 Qc5 28. Red1 Nxg3 29. Rd8 Nf5 30. Rxf8+ Kxf8 31. Qf4 Kg7 32. Rc1 Qa3 33. Rc2 Bd3 34. Qe5+ Kh6 35. Qf4+ Kg7 36. Qc1 Qa5 37. Rc3 Nd4 38. Rc5 Qxa2 39. Qc3 Qb1+ 40. Kh2 e5 41. Rxe5 f6 42. Re7+ Kf8 43. Re1 Qxb3 44. Qxd4 Qb8+ 45. Kg1 1-0

[Event "MVP-ch Seniors op 11th"]
[Site "Binz"]
[Date "2011.12.07"]
[Round "8.30"]
[White "Oergel, Ullrich"]
[Black "Schurig, Wilhelm"]
[Result "1-0"]
[WhiteElo "1794"]
[BlackElo "1862"]
[PlyCount "47"]
[EventDate "2011.11.30"]
[EventType "swiss"]
[EventRounds "9"]
[EventCountry "GER"]
[SourceTitle "EXT 2013"]
[Source "ChessBase"]
[SourceDate "2012.11.22"]
[SourceVersion "1"]
[SourceVersionDate "2012.11.22"]
[SourceQuality "1"]

1. c4 g6 2. g3 Bg7 3. Bg2 e5 4. Nc3 d6 5. e3 Ne7 6. Nge2 c6 7. 0-0 f5 8. d4 0-0 9. b3 Qc7 10. Bb2 Nd7 11. Rc1 Nf6 12. b4 Be6 13. d5 Bd7 14. Qb3 Kh8 15. Rfd1 e4 16. Nf4 Ng4 17. c5 Rad8 18. dxc6 Nxc6 19. Rxd6 Bc8 20. Rcd1 Nce5 21. Nb5 Qe7 22. Rxd8 Rxd8 23. Rxd8+ Qxd8 24. Nd6 1-0

[Event "MVP-ch Seniors op 11th"]
[Site "Binz"]
[Date "2011.11.30"]
[Round "1.70"]
[White "Kohn, Friedrich"]
[Black "Oergel, Ullrich"]
[Result "0-1"]
[WhiteElo "1318"]
[BlackElo "1794"]
[PlyCount "56"]
[EventDate "2011.11.30"]
[EventType "swiss"]
[EventRounds "9"]
[EventCountry "GER"]
[SourceTitle "EXT 2013"]
[Source "ChessBase"]
[SourceDate "2012.11.22"]
[SourceVersion "1"]
[SourceVersionDate "2012.11.22"]
[SourceQuality "1"]

1. e4 e5 2. f4 exf4 3. Bc4 Qh4+ 4. Kf1 Bc5 5. d4 Bb6 6. Nf3 Qf6 7. Nc3 c6 8. Ne2 g5 9. e5 Qg7 10. Qd3 Ne7 11. g4 Nd5 12. Bxd5 cxd5 13. Nc3 d6 14. Nxd5 dxe5 15. dxe5 0-0 16. Nf6+ Kh8 17. Nxg5 Rd8 18. Qxh7+ Qxh7 19. Ngxh7 Rd1+ 20. Kg2 f3+ 21. Kxf3 Rxh1 22. h3 Rxh3+ 23. Kg2 Rxh7 24. Nxh7 Kxh7 25. Bf4 Bxg4 26. Rh1+ Kg6 27. Rh6+ Kg7 28. Rd6 Nc6 0-1